000 005120000a22001690004500
003 MACL
005 20160306145819.0
008 160306b xxu||||| |||| 00| 0 eng d
040 _aMACL
_cMACL
041 _aHindi
082 _a891.433
100 _aमुन्‍शी कन्‍हैयालाल म.
_943602
245 _aशिशु और सखी
260 _bकिताब महल
_aइलाहाबाद
650 _aIndian Literature Fictions
_943603
942 _cHIN
_k891.433
_2ddc
999 _c23258
_d23258